Jesucristo: historia y misterio.
Saved in:
| Hovedforfatter: | |
|---|---|
| Andre forfattere: | , |
| Format: | Ukendt |
| Udgivet: |
Madrid, España:
Trotta,
2016.
|
| Serier: | Colección Estructuras y Procesos. Serie Religión.
|
| Fag: | |
| Tags: |
Tilføj Tag
Ingen Tags, Vær først til at tagge denne postø!
|
MARC
| LEADER | 00000 a2200000 4500 | ||
|---|---|---|---|
| 003 | CL-VaPUC | ||
| 005 | 20231121093455.0 | ||
| 008 | 230307t2016 ||||| |||| 00| 0 eng d | ||
| 999 | |c 439639 |d 439637 | ||
| 020 | |a 9788498796377 | ||
| 040 | |c Pontificia Universidad Católica de Valparaíso | ||
| 082 | |2 22 |a 232 BON 2016 | ||
| 100 | |a Bonhoeffer, Dietrich, |d 1906-1945 |e autor |9 349305 | ||
| 245 | 1 | |a Jesucristo: |b historia y misterio. | |
| 260 | |a Madrid, España: |b Trotta, |c 2016. | ||
| 300 | 1 | |a 189 páginas. | |
| 490 | |a Colección Estructuras y Procesos. |a Serie Religión. | ||
| 583 | |k GC |c 20230307 | ||
| 600 | 0 | |9 481811 |a Jesucristo |v Crítica e interpretación | |
| 650 | 0 | |9 315091 |a Cristología | |
| 650 | 0 | |9 308336 |a Teología cristiana |x Iglesia primitiva | |
| 700 | |a Vences, Sergio |e traductor |9 880422 | ||
| 700 | |a Kilfitt, Ursula |e traductora |9 880423 | ||
| 942 | |2 ddc |c BK | ||
| 952 | |0 0 |1 0 |2 ddc |4 0 |6 232_000000000000000_BON_2016 |7 0 |8 A |9 588869 |a BIBTEO |b BIBTEO |c GEN |d 2023-03-07 |e 13 |g 17791.00 |i 5656542 |l 2 |o 232 BON 2016 |p 5656542 |r 2025-01-17 |s 2023-05-05 |t 1 |v 17791.00 |w 2023-03-07 |y BK |k ICR | ||